000 00472nam a22001697a 4500
003 OSt
005 20150601144148.0
008 150601b xxu||||| |||| 00| 0 eng d
040 _c04
082 _aWA 546 L978c VOL lII 1998
100 _aLutz W.
_92121
245 _aCommunity Health Surveys:
_bA practical Guide for Health Workers /
_cW. Lutz
260 _aSwitzerland:
_bI E A;
_c1983.
300 _a79 p :
_c24 cm.
650 _aCommunity Health
_92112
942 _2z
_cSLOAN
999 _c1941
_d1941